Foundations of psychological testing : (Record no. 331022)

000 -LEADER
fixed length control field 01242cam a2200313 a 4500
001 - CONTROL NUMBER
control field 17387202
003 - CONTROL NUMBER IDENTIFIER
control field NUST
005 - DATE AND TIME OF LATEST TRANSACTION
control field 20180117090030.0
008 - FIXED-LENGTH DATA ELEMENTS--GENERAL INFORMATION
fixed length control field 120716s2013 caua b 001 0 eng
010 ## - LIBRARY OF CONGRESS CONTROL NUMBER
LC control number 2012028230
020 ## - INTERNATIONAL STANDARD BOOK NUMBER
International Standard Book Number 9781452219905 (cloth : alk. paper)
040 ## - CATALOGING SOURCE
Original cataloging agency DLC
Transcribing agency DLC
Modifying agency DLC
042 ## - AUTHENTICATION CODE
Authentication code pcc
050 00 - LIBRARY OF CONGRESS CALL NUMBER
Classification number BF176
Item number .M38 2013
082 00 - DEWEY DECIMAL CLASSIFICATION NUMBER
Classification number 150.28/7
Edition number 23
100 1# - MAIN ENTRY--PERSONAL NAME
Personal name Miller, Leslie A.
9 (RLIN) 4411
245 10 - TITLE STATEMENT
Title Foundations of psychological testing :
Remainder of title a practical approach /
Statement of responsibility, etc. Leslie A. Miller, Robert L. Lovler, Sandra A. McIntire.
250 ## - EDITION STATEMENT
Edition statement 4th ed.
260 ## - PUBLICATION, DISTRIBUTION, ETC.
Place of publication, distribution, etc. Los Angeles :
Name of publisher, distributor, etc. SAGE Publications,
Date of publication, distribution, etc. c2013.
300 ## - PHYSICAL DESCRIPTION
Extent xx, 624 p. :
Other physical details ill. (some col.) ;
Dimensions 26 cm.
504 ## - BIBLIOGRAPHY, ETC. NOTE
Bibliography, etc. note Includes bibliographical references (p. 574-592) and indexes.
650 #0 - SUBJECT ADDED ENTRY--TOPICAL TERM
Topical term or geographic name entry element Psychological tests.
9 (RLIN) 3193
700 1# - ADDED ENTRY--PERSONAL NAME
Personal name Lovler, Robert L.
9 (RLIN) 4412
700 1# - ADDED ENTRY--PERSONAL NAME
Personal name McIntire, Sandra A.,
Dates associated with a name 1944-
9 (RLIN) 4413
906 ## - LOCAL DATA ELEMENT F, LDF (RLIN)
a 7
b cbc
c orignew
d 1
e ecip
f 20
g y-gencatlg
942 ## - ADDED ENTRY ELEMENTS (KOHA)
Source of classification or shelving scheme
Koha item type Book
Holdings
Withdrawn status Lost status Source of classification or shelving scheme Damaged status Not for loan Collection code Permanent Location Current Location Shelving location Date acquired Total Checkouts Total Renewals Full call number Barcode Date last seen Date last checked out Price effective from Koha item type
            Central Library (CL) Central Library (CL) General Stacks 08/29/2017 2 3 150.28/7 MIL S3H-C-119 01/08/2022 10/06/2021 08/29/2017 Book
© 2023 Central Library, National University of Sciences and Technology. All Rights Reserved.